Generazioni dei Pokémon - Quiz n°18 - Statistics

Statistiche generali
  • Questo quiz è stato fatto 7 volte
  • Il punteggio medio è 12 su 15
Statistiche sulle risposte
Hint Risposta % Corretto
Kubfu Ottava
100%
Nidorino Prima
100%
Onix Prima
100%
Cyndaquil Seconda
100%
Stunky Quarta
86%
Patrat Quinta
86%
Thundurus Quinta
86%
Sliggoo Sesta
86%
Pangoro Sesta
86%
Gabite Quarta
71%
Tangrowth Quarta
71%
Swadloon Quinta
71%
Pineco Seconda
57%
Luvdisc Terza
57%
Snubbull Seconda
43%
Nessun quiz corrispondente trovato
Distribuzione punteggi
Percentuale di utenti per punteggio
Percentile per numero di risposta
I tuoi punteggi nel tempo
Non hai fatto questo quiz